ბათუმის შოთა რუსთაველის სახელმწიფო უნივერსიტეტის ბიბლიოთეკა

Рыночная экономика: возникно эволюция и сущность (ბიბ.ჩანაწერი № 37023)

000 -LEADER
fixed length control field 00714nam a2200253Ia 4500
001 - CONTROL NUMBER
control field 2977
003 - CONTROL NUMBER IDENTIFIER
control field GE_BSU
008 - FIXED-LENGTH DATA ELEMENTS--GENERAL INFORMATION
fixed length control field 181216s||||||||xx |||||||||||||| ||und||
020 ## - INTERNATIONAL STANDARD BOOK NUMBER
International Standard Book Number 586225592
040 ## - CATALOGING SOURCE
Transcribing agency GE_BSU
080 ## - UNIVERSAL DECIMAL CLASSIFICATION NUMBER
Universal Decimal Classification number 339.1
100 ## - MAIN ENTRY--PERSONAL NAME
Personal name Валовой, Дмитрий
245 ## - TITLE STATEMENT
Title Рыночная экономика: возникно эволюция и сущность
245 ## - TITLE STATEMENT
Statement of responsibility, etc. ред. Т.Г. Березина
260 ## - PUBLICATION, DISTRIBUTION, ETC.
Place of publication, distribution, etc. Москва
260 ## - PUBLICATION, DISTRIBUTION, ETC.
Name of publisher, distributor, etc. ИНФРА-М
260 ## - PUBLICATION, DISTRIBUTION, ETC.
Date of publication, distribution, etc. 1997
300 ## - PHYSICAL DESCRIPTION
Extent 400 с. 21 см.
653 ## - INDEX TERM--UNCONTROLLED
Uncontrolled term возникно эволюция
653 ## - INDEX TERM--UNCONTROLLED
Uncontrolled term Рыночная экономика
653 ## - INDEX TERM--UNCONTROLLED
Uncontrolled term сущность
942 ## - ADDED ENTRY ELEMENTS (KOHA)
Koha item type წიგნი
ეგზემპლარები
Withdrawn status Lost status Damaged status Not for loan Date acquired Barcode Date last seen Price effective from Koha item type Public note
        2018-12-17 8011 2018-12-17 2018-12-17 წიგნი დარბაზი
        2018-12-17 8012 2018-12-17 2018-12-17 წიგნი დარბაზი
        2018-12-17 8028 2018-12-17 2018-12-17 წიგნი დარბაზი